Food service and bartending / (Record no. 18197)
[ view plain ]
| 000 -LEADER | |
|---|---|
| fixed length control field | 00602nam a22002057a 4500 |
| 003 - CONTROL NUMBER IDENTIFIER | |
| control field | OSt |
| 005 - DATE AND TIME OF LATEST TRANSACTION | |
| control field | 20140310183008.0 |
| 008 - FIXED-LENGTH DATA ELEMENTS--GENERAL INFORMATION | |
| fixed length control field | 130211t xxu||||| |||| 00| 0 eng d |
| 020 ## - INTERNATIONAL STANDARD BOOK NUMBER | |
| International Standard Book Number | 97192137x |
| 050 ## - LIBRARY OF CONGRESS CALL NUMBER | |
| Classification number | TX 911.3P8 |
| Item number | .R744 2001 |
| 100 ## - MAIN ENTRY--PERSONAL NAME | |
| Personal name | Roldan, Amelia Samson. |
| 245 ## - TITLE STATEMENT | |
| Title | Food service and bartending / |
| Statement of responsibility, etc | Amelia Samson Roldan |
| 260 ## - PUBLICATION, DISTRIBUTION, ETC. (IMPRINT) | |
| Place of publication, distribution, etc | ParaÞaque : |
| Name of publisher, distributor, etc | AR Skills Development & Management Services Publications, |
| Date of publication, distribution, etc | 2001. |
| 300 ## - PHYSICAL DESCRIPTION | |
| Extent | v, 179 p. : |
| Dimensions | 25 cm. |
| Other physical details | ill. ; |
| 521 ## - TARGET AUDIENCE NOTE | |
| Target audience note | |
| 651 ## - SUBJECT ADDED ENTRY--GEOGRAPHIC NAME | |
| Geographic name | Food service management |
| 651 ## - SUBJECT ADDED ENTRY--GEOGRAPHIC NAME | |
| Geographic name | Bartending |
| 942 ## - ADDED ENTRY ELEMENTS (KOHA) | |
| Source of classification or shelving scheme | Library of Congress Classification |
| Koha item type | Books |
| Call number prefix | Local |
| Withdrawn status | Lost status | Source of classification or shelving scheme | Damaged status | Home library | Current library | Shelving location | Date acquired | Total Checkouts | Total Renewals | Full call number | Barcode | Date last seen | Date checked out | Copy number | Price effective from | Koha item type |
|---|---|---|---|---|---|---|---|---|---|---|---|---|---|---|---|---|
| Library of Congress Classification | College Library | College Library | General Circulation Section | 02/11/2013 | 1 | 5 | TX 911.3P8 .R744 2001 | C0655 | 10/20/2020 | 09/09/2020 | 1 | 02/11/2013 | Books |